[Event "Vung Tau zt 3.2a"]
[Site "Vung Tau"]
[Date "2000.05.28"]
[Round "8"]
[White "Wynn, Zaw Htung"]
[Black "Jiravorasuk, Banjuab"]
[Result "1/2-1/2"]
[WhiteElo "2524"]
[BlackElo "2210"]
[EventDate "2000.05.21"]
[PlyCount "105"]

1.e4 c5 2.Nc3 d6 3.f4 Nc6 4.Nf3 Nf6 5.Bb5 g6 6.O-O Bg7 7.d3 O-O 8.Bxc6 
bxc6 9.Qe1 Ba6 10.b3 d5 11.e5 Ne8 12.f5 c4 13.bxc4 dxc4 14.d4 gxf5 15.Qh4 
e6 16.Bg5 f6 17.exf6 Bxf6 18.Rfe1 Ng7 19.Na4 c3 20.Nc5 Bc4 21.Re3 Bd5 22.
Bxf6 Qxf6 23.Qxf6 Rxf6 24.Ne5 f4 25.Rxc3 Nf5 26.Rd3 Ne3 27.Rxe3 fxe3 28.c4
Bxg2 29.Kxg2 Kh8 30.Ne4 Rg8+ 31.Ng3 Rf4 32.Re1 Rxd4 33.Rxe3 Rd2+ 34.Kh3 
Rxa2 35.Nxc6 Rg6 36.Ne5 Rh6+ 37.Kg4 Rhxh2 38.c5 Rhc2 39.c6 Ra5 40.Kg5 Kg7 
41.Nh5+ Kf8 42.Kf6 Rxe5 43.Rxe5 Rxc6 44.Ng7 Rc1 45.Rxe6 Rf1+ 46.Nf5 a5 47.
Ra6 Ke8 48.Rxa5 Kd7 49.Ra7+ Kc6 50.Rxh7 Kd5 51.Rd7+ Kc4 52.Ke5 Re1+ 53.Kf4
1/2-1/2

[Event "Vung Tau zt 3.2a"]
[Site "Vung Tau"]
[Date "2000.05.29"]
[Round "9"]
[White "Dao, Thien Hai"]
[Black "Antonio, Rogelio Jr"]
[Result "1/2-1/2"]
[WhiteElo "2550"]
[BlackElo "2551"]
[EventDate "2000.05.21"]
[PlyCount "97"]

1.d4 Nf6 2.c4 c5 3.d5 e6 4.Nc3 exd5 5.cxd5 d6 6.e4 g6 7.f4 Bg7 8.Bb5+ Nfd7
9.a4 O-O 10.Nf3 Na6 11.O-O Nb4 12.Re1 a6 13.Bf1 Re8 14.h3 Rb8 15.Be3 Nf6 
16.e5 dxe5 17.fxe5 Nfxd5 18.Nxd5 Nxd5 19.Bxc5 Be6 20.a5 Rc8 21.Qd4 Bf8 22.
Bxf8 Rxf8 23.Qd2 Kg7 24.Re4 Qe7 25.Rd4 Qc5 26.Kh2 Ne7 27.b4 Qc7 28.Qf4 Nf5
29.Rdd1 Rfd8 30.Bd3 Kg8 31.Rac1 Qe7 32.Bxf5 Bxf5 33.Rxc8 Rxc8 34.Rd6 Re8 
35.Qd4 h6 36.Rb6 Rd8 37.Rd6 Rc8 38.Qf4 Kh7 39.Qd4 Be6 40.Qd2 Rc7 41.Qf4 
Rc4 42.Qd2 Bf5 43.Rd4 Rc2 44.Qe3 Rb2 45.Qc3 Re2 46.Rd2 Re4 47.Rd4 Re2 48.
Rd2 Re4 49.Rd4 1/2-1/2

[Event "Vung Tau zt 3.2a"]
[Site "Vung Tau"]
[Date "2000.05.29"]
[Round "9"]
[White "Mok, Tze Meng"]
[Black "Ismail, Ahmad"]
[Result "1/2-1/2"]
[WhiteElo "2270"]
[BlackElo "2072"]
[EventDate "2000.05.21"]
[PlyCount "28"]

1.e4 c5 2.Nf3 Nc6 3.d4 cxd4 4.Nxd4 e5 5.Nb5 d6 6.N1c3 a6 7.Na3 Be7 8.Nc4 
Nf6 9.Be3 b5 10.Bb6 Qd7 11.Ne3 O-O 12.Ned5 b4 13.Nxf6+ Bxf6 14.Nd5 Bd8 
1/2-1/2

[Event "Vung Tau zt 3.2a"]
[Site "Vung Tau"]
[Date "2000.05.29"]
[Round "9"]
[White "Myo, Naing"]
[Black "Bitoon, Richard"]
[Result "0-1"]
[WhiteElo "2545"]
[BlackElo "2436"]
[EventDate "2000.05.21"]
[PlyCount "96"]

1.d4 Nf6 2.c4 e6 3.Nc3 Bb4 4.Qc2 O-O 5.a3 Bxc3+ 6.Qxc3 b6 7.Bg5 Ba6 8.Nf3 
d6 9.e3 Nbd7 10.Rd1 h6 11.Bh4 g5 12.Bg3 Ne4 13.Qc2 f5 14.Bd3 Ndf6 15.Nd2 
Bb7 16.f3 Nxg3 17.hxg3 Kg7 18.Nf1 Qe7 19.d5 exd5 20.Bxf5 Rae8 21.Kf2 dxc4 
22.Qxc4 d5 23.Qc3 c5 24.Kg1 Qd6 25.g4 Re7 26.Rh3 Qe5 27.Qd2 Ba6 28.f4 gxf4
29.exf4 Qe2 30.g5 Qxd2 31.Nxd2 Ng8 32.g4 Rd8 33.Ne4 Be2 34.gxh6+ Nxh6 35.
Rxh6 Kxh6 36.Rd2 Kg7 37.Ng3 Bb5 38.Nh5+ Kf7 39.g5 Rd6 40.Ng3 Re3 41.Ne4 
Rd8 42.Nf6 d4 43.Bg4 Rh8 44.Bh5+ Kg7 45.Rh2 Re1+ 46.Kg2 d3 47.Kg3 Re3+ 48.
Kh4 Re2 0-1

[Event "Vung Tau zt 3.2a"]
[Site "Vung Tau"]
[Date "2000.05.29"]
[Round "9"]
[White "Torre, Eugenio"]
[Black "Adianto, Utut"]
[Result "0-1"]
[WhiteElo "2557"]
[BlackElo "2584"]
[EventDate "2000.05.21"]
[PlyCount "71"]

1.e4 c5 2.Nf3 e6 3.c3 Nf6 4.e5 Nd5 5.d4 cxd4 6.cxd4 Nc6 7.Bc4 d6 8.O-O Be7
9.Qe2 O-O 10.Qe4 Bd7 11.a3 Rc8 12.Bd3 f5 13.exf6 Nxf6 14.Qh4 d5 15.Nc3 Ne4
16.Qh5 g6 17.Qh6 Rxf3 18.gxf3 Bg5 19.Bxg5 Nxg5 20.f4 Nf3+ 21.Kh1 Qf6 22.
Ne2 Rf8 23.Rad1 Ncxd4 24.Nxd4 Nxd4 25.Rg1 Nf5 26.Bxf5 Qxf5 27.f3 Bc6 28.
Rg3 d4 29.Rdg1 Rf6 30.h3 Qd3 31.Qh5 Kg7 32.Kh2 Qd2+ 33.R1g2 Qxf4 34.Qc5 e5
35.Re2 Rf5 36.Kg2 0-1

[Event "Vung Tau zt 3.2a"]
[Site "Vung Tau"]
[Date "2000.05.29"]
[Round "9"]
[White "Villamayor, Bong"]
[Black "Hoang, Thanh Trang"]
[Result "1-0"]
[WhiteElo "2474"]
[BlackElo "2448"]
[EventDate "2000.05.21"]
[PlyCount "121"]

1.Nf3 f5 2.b3 d6 3.d4 g6 4.Bb2 Bg7 5.g3 Nf6 6.Bg2 O-O 7.O-O Qe8 8.c4 h6 9.
Nc3 g5 10.e3 Qh5 11.Ne2 Nc6 12.d5 Ne5 13.Nxe5 dxe5 14.Nc1 f4 15.Qxh5 Nxh5 
16.exf4 exf4 17.Bxg7 Nxg7 18.Re1 f3 19.Bf1 e6 20.Nd3 exd5 21.cxd5 Bf5 22.
Rac1 Rac8 23.Ne5 g4 24.h3 h5 25.hxg4 hxg4 26.Rc4 Rfe8 27.Re3 Bb1 28.a3 Ba2
29.Nxg4 Rxe3 30.Nxe3 a5 31.Bh3 Rd8 32.Rxc7 Bxb3 33.Rxb7 Bxd5 34.Rb5 Bf7 
35.Rxa5 Rb8 36.Bf5 Nxf5 37.Rxf5 Rb3 38.Kh2 Rxa3 39.Rxf3 Bd5 40.Rf6 Be4 41.
g4 Kg7 42.Re6 Bg6 43.Kg3 Kf7 44.Re5 Kf6 45.f4 Bf7 46.g5+ Kg6 47.Kg4 Ra4 
48.Nd5 Kg7 49.Nc3 Rd4 50.Ne4 Bd5 51.Nd6 Rd1 52.Nf5+ Kf8 53.Ne3 Rg1+ 54.Kf5
Ba2 55.Ra5 Bf7 56.Kf6 Rc1 57.Ra8+ Be8 58.f5 Rc6+ 59.Ke5 Rb6 60.Nd5 Rb5 61.
g6 1-0

[Event "Cairo zt 4.2"]
[Site "Cairo"]
[Date "2000.06.07"]
[Round "2"]
[White "El Taher, Fouad"]
[Black "Sorial, Hanna"]
[Result "1-0"]
[WhiteElo "2471"]
[BlackElo "2316"]
[EventDate "2000.06.03"]
[PlyCount "65"]

1.e4 e6 2.d4 d5 3.Nc3 Nf6 4.Bg5 Be7 5.e5 Nfd7 6.Bxe7 Qxe7 7.f4 a6 8.Nf3 c5
9.dxc5 Nc6 10.Bd3 Nxc5 11.O-O O-O 12.Bxh7+ Kxh7 13.Ng5+ Kg6 14.Qg4 Nxe5 
15.Qh4 f5 16.Rae1 Ne4 17.Qh7+ Kf6 18.Ncxe4+ dxe4 19.Nxe4+ Kf7 20.fxe5 Ke8 
21.Rd1 Bd7 22.Nd6+ Kd8 23.Nxb7+ Kc7 24.Nd6 Rab8 25.Qh3 Bc6 26.Qe3 Rxb2 27.
Qa7+ Rb7 28.Nxb7 Bxb7 29.Rf3 Qb4 30.Rb3 Ra8 31.Rxb4 Rxa7 32.Rc4+ Kb8 33.
Rd8+ 1-0

[Event "Cairo zt 4.2"]
[Site "Cairo"]
[Date "2000.06.07"]
[Round "2"]
[White "Sarwat, Walaa"]
[Black "Labib, Ibrahim Hasan"]
[Result "0-1"]
[WhiteElo "2407"]
[BlackElo "2426"]
[EventDate "2000.06.03"]
[PlyCount "152"]

1.e4 e5 2.Nf3 Nc6 3.Bb5 a6 4.Ba4 Nf6 5.O-O Be7 6.Re1 b5 7.Bb3 d6 8.c3 O-O 
9.h3 Na5 10.Bc2 c5 11.d4 Qc7 12.Nbd2 cxd4 13.cxd4 Bd7 14.Nf1 Rac8 15.Bd3 
Nc6 16.Be3 exd4 17.Nxd4 Ne5 18.Rc1 Qb7 19.Ng3 d5 20.exd5 Qxd5 21.Bb1 Bb4 
22.Re2 Rxc1 23.Qxc1 Rc8 24.Rc2 Re8 25.Re2 Nc4 26.Nc2 Bc6 27.Qf1 Bf8 28.b3 
Nxe3 29.Nxe3 Qg5 30.Qc1 Ba8 31.Rc2 h5 32.Rc8 h4 33.Rxe8 Nxe8 34.Qc8 hxg3 
35.Qxa8 Qe5 36.Qe4 gxf2+ 37.Kxf2 Qb2+ 38.Qc2 Qf6+ 39.Qf5 Qh6 40.Qc8 Nf6 
41.Ke2 Nh5 42.a4 bxa4 43.bxa4 Qf6 44.Qc4 Nf4+ 45.Kd1 g6 46.Be4 Bh6 47.Kc2 
Bg7 48.Nd1 a5 49.Qc8+ Kh7 50.Qc4 Qe5 51.h4 Ne6 52.Qd5 Nd4+ 53.Kb1 Qe7 54.
Qb7 Qxh4 55.Nb2 Qe1+ 56.Ka2 Ne2 57.Bf3 Nc1+ 58.Kb1 Nd3+ 59.Nd1 Qd2 60.Qc6 
Qb4+ 61.Ka2 Qd4 62.Qb5 Nb4+ 63.Kb3 Qa1 64.Qe2 Qb1+ 65.Kc4 Nc2 66.Qe4 Qa2+ 
67.Kb5 Nd4+ 68.Kxa5 Qd2+ 69.Ka6 Qb4 70.Qe8 Qd6+ 71.Kb7 Nxf3 72.gxf3 Qxd1 
73.Qe4 Qd7+ 74.Ka8 Bd4 75.Kb8 Ba7+ 76.Ka8 Bb6 0-1

[Event "Cairo zt 4.2"]
[Site "Cairo"]
[Date "2000.06.08"]
[Round "3"]
[White "Ezat, Mohamed Mahmoud"]
[Black "Abdel Razik, Khaled"]
[Result "1/2-1/2"]
[WhiteElo "2352"]
[BlackElo "2318"]
[EventDate "2000.06.03"]
[PlyCount "54"]

1.d4 f5 2.c4 Nf6 3.g3 g6 4.Bg2 Bg7 5.Nh3 d6 6.d5 c6 7.Nc3 O-O 8.O-O Qe8 9.
Re1 e5 10.dxc6 Nxc6 11.Nb5 Be6 12.Ng5 Qd7 13.Nxe6 Qxe6 14.Nc7 Qxc4 15.Nxa8
Rxa8 16.Qxd6 Rd8 17.Qa3 Nd4 18.Bg5 Nc2 19.Qe7 Re8 20.Qxb7 Qf7 21.Qxf7+ 
Kxf7 22.Rac1 Nxe1 23.Rxe1 Rd8 24.Rc1 Rd7 25.Be3 e4 26.h4 Nd5 27.Rd1 Bxb2 
1/2-1/2

[Event "Cairo zt 4.2"]
[Site "Cairo"]
[Date "2000.06.08"]
[Round "3"]
[White "Sorial, Hanna"]
[Black "Sarwat, Walaa"]
[Result "0-1"]
[WhiteElo "2316"]
[BlackElo "2407"]
[EventDate "2000.06.03"]
[PlyCount "104"]

1.Nf3 d5 2.d4 Nf6 3.c4 e6 4.Nc3 Nbd7 5.Bg5 Be7 6.e3 c6 7.Bd3 dxc4 8.Bxc4 
b5 9.Bb3 Bb7 10.O-O a6 11.Qe2 c5 12.Rfd1 Qb6 13.Ne5 Rd8 14.a4 c4 15.Bc2 h6
16.Bh4 g5 17.Bg3 h5 18.a5 Qa7 19.Nxd7 Rxd7 20.Be5 Qa8 21.e4 Rg8 22.Bxf6 
Bxf6 23.e5 Be7 24.d5 Rxd5 25.Rxd5 Bxd5 26.Nxd5 Qxd5 27.Be4 Qc5 28.Bb7 g4 
29.Bxa6 Qc6 30.Bxb5 Qxb5 31.a6 Kd7 32.a7 Ra8 33.b3 Qb7 34.Qxc4 Ke8 35.Qa4+
Kf8 36.Qf4 Rxa7 37.Qh6+ Kg8 38.Rc1 h4 39.Qh5 Qe4 40.Rc8+ Bf8 41.Qg5+ Qg6 
42.Qc1 h3 43.Rc4 Ra5 44.Qd1 Rxe5 45.Rxg4 Re1+ 46.Qxe1 Qxg4 47.g3 Qf3 48.
Qf1 Bc5 49.b4 Bd4 50.b5 Bb6 51.Qxh3 Qxf2+ 52.Kh1 Qg1# 0-1

[Event "Cairo zt 4.2"]
[Site "Cairo"]
[Date "2000.06.09"]
[Round "4"]
[White "Labib, Ibrahim Hasan"]
[Black "Sorial, Hanna"]
[Result "1-0"]
[WhiteElo "2426"]
[BlackElo "2316"]
[EventDate "2000.06.03"]
[PlyCount "99"]

1.Nf3 Nf6 2.c4 g6 3.b4 Bg7 4.Bb2 d6 5.d4 O-O 6.g3 a5 7.a3 c6 8.Nbd2 e5 9.
dxe5 Ng4 10.Bg2 dxe5 11.e4 axb4 12.axb4 Rxa1 13.Qxa1 Na6 14.h3 Nxb4 15.O-O
Nxf2 16.Kxf2 Qb6+ 17.Ke2 Nc2 18.Qb1 Qe3+ 19.Kd1 Nd4 20.Bxd4 exd4 21.Ne1 
Qxg3 22.Qd3 Qg5 23.Rf2 Be6 24.Ke2 Ra8 25.Nef3 Qh5 26.Rf1 Ra2 27.Kf2 Qh6 
28.Rb1 Bxh3 29.Bxh3 Qxh3 30.Rxb7 Be5 31.Qb3 Qg3+ 32.Ke2 Ra8 33.Rxf7 d3+ 
34.Ke3 Rd8 35.c5 Kh8 36.Qe6 Bd4+ 37.Kxd3 Bxc5+ 38.Kc2 Qd6 39.Qxd6 Bxd6 40.
e5 Bf8 41.Ne4 Bg7 42.e6 Re8 43.e7 Kg8 44.Nd6 h6 45.Kd3 g5 46.Ke4 Bf8 47.
Rxf8+ Rxf8 48.Ke5 g4 49.Nd4 Ra8 50.Ne6 1-0

[Event "Cairo zt 4.2"]
[Site "Cairo"]
[Date "2000.06.09"]
[Round "4"]
[White "Sarwat, Walaa"]
[Black "Andolo, Humphrey"]
[Result "1-0"]
[WhiteElo "2407"]
[BlackElo "2200"]
[EventDate "2000.06.03"]
[PlyCount "93"]

1.e4 e5 2.Nf3 Nf6 3.d4 Nxe4 4.Bd3 d5 5.Nxe5 Bd6 6.c4 O-O 7.O-O c6 8.Qc2 
Nf6 9.Bg5 h6 10.Bh4 Nbd7 11.Re1 dxc4 12.Bxc4 Nb6 13.Bb3 Nbd5 14.Nc3 Be6 
15.a3 Re8 16.Na4 g5 17.Bg3 Qc8 18.Nc5 Bf5 19.Qc1 b6 20.Ncd3 c5 21.dxc5 
bxc5 22.Qd1 Rb8 23.Rc1 Qb7 24.Bc4 Rbd8 25.Qf3 Be6 26.h4 Kg7 27.Rc2 g4 28.
Qd1 Bf5 29.Rce2 Bxe5 30.Bxe5 Rxe5 31.Rxe5 Nf4 32.Nxf4 Rxd1 33.Rxd1 Bh7 34.
b3 Qc7 35.Rde1 Bg8 36.g3 Kf8 37.a4 Qc6 38.Rf5 Kg7 39.Ree5 Bh7 40.Rxc5 Qe4 
41.Rxf6 Kxf6 42.Rc7 Qb1+ 43.Kh2 Be4 44.Rxf7+ Ke5 45.Ng2 a5 46.Ra7 Qd1 47.
Re7+ 1-0

[Event "Cairo zt 4.2"]
[Site "Cairo"]
[Date "2000.06.10"]
[Round "5"]
[White "Andolo, Humphrey"]
[Black "Labib, Ibrahim Hasan"]
[Result "0-1"]
[WhiteElo "2200"]
[BlackElo "2426"]
[EventDate "2000.06.03"]
[PlyCount "94"]

1.e4 e5 2.Nf3 Nc6 3.Bc4 Nf6 4.Ng5 d5 5.exd5 Na5 6.Bb5+ c6 7.dxc6 bxc6 8.
Be2 h6 9.Nf3 e4 10.Ne5 Bd6 11.d4 exd3 12.Nxd3 Qc7 13.h3 O-O 14.O-O c5 15.
Nc3 Rb8 16.Bf3 Rd8 17.b3 Bf5 18.Rb1 Rb4 19.g4 Bg6 20.Kg2 c4 21.bxc4 Rxb1 
22.Nxb1 Nxc4 23.Nd2 Ne5 24.Nxe5 Bxe5 25.Qe2 Bxc2 26.Qc4 Bd3 27.Qxc7 Bxf1+ 
28.Nxf1 Bxc7 29.g5 hxg5 30.Bxg5 Bb6 31.Ng3 Rc8 32.Bd1 Nd5 33.Bb3 Nc3 34.
Bd2 g6 35.Kf3 a5 36.Ne4 Nxe4 37.Kxe4 a4 38.Bd5 Bxf2 39.Kd3 Kg7 40.Bc3+ f6 
41.Bd2 Bg3 42.Be3 Be5 43.Bd2 Rh8 44.Bg2 f5 45.Be1 Rd8+ 46.Ke3 Rd1 47.Ke2 
Rb1 0-1

[Event "Cairo zt 4.2"]
[Site "Cairo"]
[Date "2000.06.10"]
[Round "5"]
[White "Ezat, Mohamed Mahmoud"]
[Black "El Taher, Fouad"]
[Result "0-1"]
[WhiteElo "2352"]
[BlackElo "2471"]
[EventDate "2000.06.03"]
[PlyCount "72"]

1.d4 Nf6 2.c4 c5 3.d5 e6 4.Nc3 exd5 5.cxd5 d6 6.e4 g6 7.f4 Bg7 8.Bb5+ Nbd7
9.e5 dxe5 10.fxe5 Nh5 11.e6 Qh4+ 12.g3 Nxg3 13.hxg3 Qxh1 14.exd7+ Bxd7 15.
Bxd7+ Kxd7 16.Qa4+ Kc8 17.Kf1 Bxc3 18.bxc3 Qxd5 19.Bf4 Rd8 20.Re1 g5 21.
Be3 Kc7 22.Qg4 h6 23.Kf2 Rd6 24.c4 Qc6 25.Bc1 Rf6+ 26.Nf3 Rd8 27.Bb2 Rd2+ 
28.Re2 Rxe2+ 29.Kxe2 h5 30.Be5+ Kb6 31.Bxf6 hxg4 32.Ne5 Qg2+ 33.Kd1 Qxg3 
34.Nd7+ Ka5 35.Kc2 Kb4 36.Bxg5 Kxc4 0-1

[Event "Cairo zt 4.2"]
[Site "Cairo"]
[Date "2000.06.11"]
[Round "6"]
[White "El Taher, Fouad"]
[Black "Abdel Razik, Khaled"]
[Result "1/2-1/2"]
[WhiteElo "2471"]
[BlackElo "2318"]
[EventDate "2000.06.03"]
[PlyCount "45"]

1.e4 e6 2.d4 d5 3.Nc3 Be7 4.Bd3 Nc6 5.Nf3 Nb4 6.Be2 dxe4 7.Nxe4 Nf6 8.
Nxf6+ Bxf6 9.c3 Nd5 10.O-O O-O 11.Bd3 b6 12.Qe2 Bb7 13.Rd1 Qe7 14.Qe4 g6 
15.Bh6 Rfb8 16.Qg4 c5 17.Re1 Rd8 18.Rad1 Rac8 19.a3 Nc7 20.Be4 Bxe4 21.
Qxe4 cxd4 22.Nxd4 Qc5 23.Nf3 1/2-1/2

[Event "Cairo zt 4.2"]
[Site "Cairo"]
[Date "2000.06.11"]
[Round "6"]
[White "Sarwat, Walaa"]
[Black "Ezat, Mohamed Mahmoud"]
[Result "1-0"]
[WhiteElo "2407"]
[BlackElo "2352"]
[EventDate "2000.06.03"]
[PlyCount "88"]

1.e4 c6 2.d4 d5 3.exd5 cxd5 4.c4 Nf6 5.Nc3 Nc6 6.Nf3 Bg4 7.cxd5 Nxd5 8.Qb3
Bxf3 9.gxf3 Nb6 10.Be3 e6 11.O-O-O Be7 12.d5 exd5 13.Nxd5 Nxd5 14.Rxd5 Qc7
15.Kb1 O-O 16.f4 Nb4 17.Rd4 Nc6 18.Rd1 Rad8 19.Bd3 Bf6 20.Be4 Nd4 21.Qxb7 
Qa5 22.Bd2 Qa4 23.Qb4 Qa6 24.Qa5 Qd6 25.Rhe1 Rfe8 26.Bc1 Rc8 27.Bb7 Rxe1 
28.Qxe1 Rb8 29.Qe4 Qb6 30.Be3 Qxb7 31.Qxb7 Rxb7 32.Bxd4 Rd7 33.Re1 Be7 34.
Be3 g6 35.Rc1 Kg7 36.Rc8 Bd6 37.Ra8 Kf6 38.Rxa7 Rd8 39.a4 Ke6 40.Rb7 Ra8 
41.b3 Ra5 42.Kc2 Rh5 43.b4 Rxh2 44.a5 Bxf4 1-0

[Event "Cairo zt 4.2"]
[Site "Cairo"]
[Date "2000.06.11"]
[Round "6"]
[White "Sorial, Hanna"]
[Black "Andolo, Humphrey"]
[Result "1-0"]
[WhiteElo "2316"]
[BlackElo "2200"]
[EventDate "2000.06.03"]
[PlyCount "103"]

1.Nf3 Nf6 2.g3 c5 3.Bg2 d5 4.O-O Nc6 5.d3 g6 6.Nc3 Bg7 7.e4 d4 8.Na4 Nd7 
9.c4 O-O 10.a3 a6 11.Qc2 h6 12.Bd2 e5 13.b4 b6 14.Rfb1 Re8 15.bxc5 bxc5 
16.Rb2 Rb8 17.Rxb8 Ncxb8 18.Rb1 Nc6 19.Be1 Bf8 20.Nd2 Qc7 21.Bh3 Na5 22.
Bxd7 Bxd7 23.Nb6 Bc6 24.Nd5 Bxd5 25.cxd5 Rb8 26.Rxb8 Qxb8 27.Nf3 Nb7 28.
Qb3 Qc7 29.Nxe5 Qxe5 30.Qxb7 c4 31.Qxa6 c3 32.Qc4 Qh5 33.Bxc3 dxc3 34.Qxc3
Qd1+ 35.Kg2 Qa4 36.e5 Qxa3 37.Qc4 Be7 38.d6 Bd8 39.d4 Qb2 40.Qc8 Qb6 41.d5
Qa5 42.Qc6 Qe1 43.Qe8+ Kg7 44.Qxd8 Qe4+ 45.f3 Qe2+ 46.Kh3 Qxe5 47.Qc7 g5 
48.Qc6 h5 49.d7 g4+ 50.Kh4 Qe7+ 51.Kxh5 f6 52.Qe6 1-0

[Event "Cairo zt 4.2"]
[Site "Cairo"]
[Date "2000.06.12"]
[Round "7"]
[White "Abdel Razik, Khaled"]
[Black "Sarwat, Walaa"]
[Result "0-1"]
[WhiteElo "2318"]
[BlackElo "2407"]
[EventDate "2000.06.03"]
[PlyCount "116"]

1.d4 Nf6 2.Nf3 e6 3.Bg5 b6 4.e4 h6 5.Bxf6 Qxf6 6.Nc3 Bb7 7.Bd3 d6 8.Qe2 
Qd8 9.O-O-O a6 10.d5 e5 11.Nd2 Nd7 12.f4 exf4 13.Rhf1 g5 14.g3 Qf6 15.Nc4 
Ne5 16.gxf4 gxf4 17.Kb1 Rg8 18.Qd2 Rg4 19.Ne2 Bg7 20.Qc1 Nxc4 21.Bxc4 
O-O-O 22.Nxf4 Qh4 23.Bd3 Be5 24.Ne2 f6 25.Qe3 Qg5 26.Qf3 Rg8 27.Rf2 a5 28.
a4 Qh4 29.Rdf1 Kb8 30.Qh1 Bc8 31.Ng3 Qh3 32.Qf3 Rh4 33.Qe2 Bd4 34.Rg2 h5 
35.c3 Be5 36.Rgf2 Bxg3 37.hxg3 Rxg3 38.Bb5 Re3 39.Qd2 Rhxe4 40.Rxf6 Ka7 
41.Rf7 Re7 42.Qd4 Bb7 43.c4 Qg3 44.Ka2 Qe5 45.Qxe5 R3xe5 46.R1f5 Rxd5 47.
Rxe7 Rxf5 48.Rxc7 Kb8 49.Rh7 Bf3 50.Rh8+ Kc7 51.Rh7+ Kd8 52.Rd7+ Kc8 53.
Rxd6 h4 54.Rxb6 h3 55.Rh6 Rh5 56.Rxh5 Bxh5 57.Bc6 Kc7 58.Bh1 Be8 0-1

[Event "Cairo zt 4.2"]
[Site "Cairo"]
[Date "2000.06.13"]
[Round "8"]
[White "Labib, Ibrahim Hasan"]
[Black "Abdel Razik, Khaled"]
[Result "1-0"]
[WhiteElo "2426"]
[BlackElo "2318"]
[EventDate "2000.06.03"]
[PlyCount "47"]

1.e4 e6 2.d4 d5 3.Nc3 Bb4 4.e5 c5 5.a3 Bxc3+ 6.bxc3 Ne7 7.Nf3 b6 8.a4 Ba6 
9.Bxa6 Nxa6 10.Ng5 h6 11.Nh3 Qc7 12.O-O Rc8 13.Qg4 Nf5 14.Ba3 cxd4 15.Nf4 
Qd7 16.Nh5 Rxc3 17.Nxg7+ Kd8 18.Nxf5 exf5 19.Qh4+ Kc8 20.e6 Qd8 21.Be7 Qe8
22.exf7 Qxf7 23.Qxd4 Kd7 24.Qxc3 1-0

[Event "Cairo zt 4.2"]
[Site "Cairo"]
[Date "2000.06.13"]
[Round "8"]
[White "Sorial, Hanna"]
[Black "Ezat, Mohamed Mahmoud"]
[Result "0-1"]
[WhiteElo "2316"]
[BlackElo "2352"]
[EventDate "2000.06.03"]
[PlyCount "96"]

1.Nf3 d5 2.d4 Nf6 3.c4 e6 4.Nc3 c5 5.Bg5 Be7 6.dxc5 O-O 7.e3 Nbd7 8.cxd5 
Nxd5 9.Bxe7 Nxe7 10.Qd4 Nc6 11.Qd6 Qa5 12.Bb5 Rd8 13.Qf4 Nxc5 14.O-O Qb4 
15.Qxb4 Nxb4 16.a3 Nd5 17.Rfd1 Bd7 18.Bxd7 Nxc3 19.bxc3 Nxd7 20.Rd4 Nb6 
21.Kf1 Rdc8 22.Rc1 f6 23.e4 e5 24.Rb4 Rc7 25.Ke2 Rac8 26.Kd3 Nc4 27.a4 a5 
28.Rb5 Kf7 29.g4 Ke6 30.Rcb1 Nd6 31.R5b3 Rc4 32.Nd2 Rxa4 33.Rb6 Ke7 34.f3 
Ra3 35.R1b3 Ra2 36.Rb2 Rxb2 37.Rxb2 b5 38.Nb1 Kd7 39.Na3 Kc6 40.c4 b4 41.
Nc2 Kc5 42.Ne3 a4 43.Nd5 b3 44.Rb1 Nxc4 45.Rc1 Kb5 46.Nc3+ Ka5 47.Rb1 Na3 
48.Ra1 b2 0-1

[Event "Cairo zt 4.2"]
[Site "Cairo"]
[Date "2000.06.14"]
[Round "9"]
[White "Abdel Razik, Khaled"]
[Black "Sorial, Hanna"]
[Result "1-0"]
[WhiteElo "2318"]
[BlackElo "2316"]
[EventDate "2000.06.03"]
[PlyCount "95"]

1.d4 Nf6 2.Nf3 g6 3.g3 Bg7 4.Bg2 O-O 5.O-O d6 6.c4 c6 7.Nc3 Qa5 8.h3 Qa6 
9.b3 b5 10.Nd2 Bb7 11.Bb2 Nbd7 12.Re1 Ne8 13.e3 Nc7 14.Qc2 Rac8 15.a4 bxc4
16.bxc4 c5 17.d5 Rb8 18.Nb5 Bxb2 19.Qxb2 Rfc8 20.h4 Ne8 21.Qc3 Ba8 22.e4 
Nb6 23.Bh3 Rd8 24.Reb1 Bb7 25.a5 Nd7 26.Kh2 Bc8 27.f4 Ndf6 28.Nc7 Rxb1 29.
Nxa6 Rxa1 30.Qxa1 Bxa6 31.e5 Nd7 32.e6 Ndf6 33.exf7+ Kxf7 34.Be6+ Kf8 35.
g4 Ng7 36.Kg3 Nxe6 37.dxe6 d5 38.g5 Nh5+ 39.Kf2 d4 40.Qh1 Rc8 41.f5 Kg8 
42.Qd5 gxf5 43.Qd7 Rf8 44.Qxe7 Bc8 45.Nb3 d3 46.Nxc5 d2 47.Ke2 Ng3+ 48.Kd1
1-0

[Event "Cairo zt 4.2"]
[Site "Cairo"]
[Date "2000.06.14"]
[Round "9"]
[White "El Taher, Fouad"]
[Black "Sarwat, Walaa"]
[Result "1-0"]
[WhiteElo "2471"]
[BlackElo "2407"]
[EventDate "2000.06.03"]
[PlyCount "97"]

1.e4 e5 2.Nf3 Nc6 3.Bb5 a6 4.Ba4 Nf6 5.O-O Be7 6.Re1 b5 7.Bb3 O-O 8.h3 d6 
9.c3 Na5 10.Bc2 c5 11.d4 Qc7 12.Nbd2 cxd4 13.cxd4 Nc6 14.Nb3 a5 15.Be3 a4 
16.Nbd2 Bd7 17.Rc1 Qb7 18.Qe2 Rfe8 19.a3 Rab8 20.Bd3 exd4 21.Nxd4 Ne5 22.
Bb1 b4 23.f4 Ng6 24.Qf2 Bf8 25.Qf3 bxa3 26.bxa3 Rec8 27.Bd3 Rxc1 28.Rxc1 
Qa8 29.Nc2 Bc6 30.Nb4 Bb7 31.Bd4 Rc8 32.Re1 Nd7 33.Bc4 Qa5 34.Re2 Nb6 35.
Ba2 Qb5 36.Qe3 Nd7 37.Kh2 d5 38.Nxd5 Bxa3 39.Qxa3 Qxe2 40.Ne7+ Kh8 41.Nxc8
Qxd2 42.Be3 Qe2 43.Nd6 Nh4 44.Nxf7+ Kg8 45.Ng5+ Kh8 46.Nf7+ Kg8 47.Kg3 
Nxg2 48.Ng5+ Kh8 49.Bd4 1-0

[Event "Cairo zt 4.2"]
[Site "Cairo"]
[Date "2000.06.14"]
[Round "9"]
[White "Ezat, Mohamed Mahmoud"]
[Black "Andolo, Humphrey"]
[Result "1-0"]
[WhiteElo "2352"]
[BlackElo "2200"]
[EventDate "2000.06.03"]
[PlyCount "61"]

1.d4 Nf6 2.c4 g6 3.Nc3 Bg7 4.e4 d6 5.Be2 O-O 6.Bg5 c5 7.d5 Na6 8.Qd2 Nc7 
9.Nf3 a6 10.a4 Bd7 11.O-O b6 12.e5 Nfe8 13.Ne4 Bf5 14.exd6 Nxd6 15.Nxd6 
Qxd6 16.Bf4 Qd7 17.Nh4 e5 18.dxe6 Qxd2 19.Bxd2 Rad8 20.e7 Rxd2 21.exf8=Q+ 
Bxf8 22.Nxf5 Rxe2 23.Ne3 Rxb2 24.Rfb1 Rxb1+ 25.Rxb1 b5 26.cxb5 axb5 27.
axb5 Bd6 28.Nc4 Bf4 29.g3 Bg5 30.b6 Na6 31.Ra1 1-0

[Event "Sao Paulo zt 2.4"]
[Site "Sao Paulo"]
[Date "2000.06.05"]
[Round "1"]
[White "Gauche, Charles"]
[Black "Leitao, Rafael Duailibe"]
[Result "0-1"]
[WhiteElo "2310"]
[BlackElo "2565"]
[EventDate "2000.06.05"]
[PlyCount "73"]

1.d4 Nf6 2.g3 e6 3.c4 d5 4.Bg2 Be7 5.Nc3 O-O 6.cxd5 exd5 7.Nh3 c6 8.Nf4 
Re8 9.O-O Bf5 10.f3 Bf8 11.Re1 c5 12.Qb3 Nc6 13.g4 Nxd4 14.Qd1 Bc2 15.Qd2 
Bd6 16.Nd3 Qc7 17.h3 Bxd3 18.Qxd3 c4 19.Qd1 Bc5 20.e3 Ne6 21.Na4 Rad8 22.
Nxc5 Nxc5 23.Qd4 Qg3 24.Rd1 Ne6 25.Qd2 Ng5 26.Kf1 Nxf3 27.Qf2 Qxf2+ 28.
Kxf2 Ne5 29.Bf1 Ne4+ 30.Kg2 f5 31.gxf5 Rf8 32.Bd2 Rxf5 33.Be1 Rdf8 34.Bh4 
g5 35.Bg3 Rf2+ 36.Bxf2 Rxf2+ 37.Kh1 0-1

[Event "Sao Paulo zt 2.4"]
[Site "Sao Paulo"]
[Date "2000.06.05"]
[Round "1"]
[White "Pelikian, Jefferson"]
[Black "Chemin, Vitorio"]
[Result "1/2-1/2"]
[WhiteElo "2393"]
[BlackElo "2313"]
[EventDate "2000.06.05"]
[PlyCount "81"]

1.e4 c5 2.Nf3 Nc6 3.Bb5 e6 4.O-O Nge7 5.Re1 a6 6.Bf1 d5 7.exd5 Nxd5 8.d4 
cxd4 9.Nxd4 Nxd4 10.Qxd4 Nb4 11.Qxd8+ Kxd8 12.Na3 Bc5 13.c3 Nd5 14.b4 Bd6 
15.Bb2 b5 16.c4 bxc4 17.Nxc4 Bxb4 18.Red1 Ke7 19.Bxg7 Rg8 20.Bd4 Bd7 21.
Rab1 Rgc8 22.Ne3 Nxe3 23.Bxe3 a5 24.a3 Ba4 25.axb4 Bxd1 26.Rxd1 axb4 27.
Rb1 Rab8 28.Be2 b3 29.Kf1 b2 30.Ke1 e5 31.Bd3 h5 32.h3 h4 33.Bf5 Rc4 34.
Bd3 Rc6 35.Bd2 Ke6 36.f4 Rb3 37.Ke2 exf4 38.Rf1 Ra3 39.Rb1 Rb3 40.Rf1 Ra3 
41.Rb1 1/2-1/2

[Event "Sao Paulo zt 2.4"]
[Site "Sao Paulo"]
[Date "2000.06.05"]
[Round "1"]
[White "Sunye Neto, Jaime"]
[Black "Oblitas Guerrero, Carlomagno"]
[Result "1-0"]
[WhiteElo "2555"]
[BlackElo "2389"]
[EventDate "2000.06.05"]
[PlyCount "113"]

1.c4 g6 2.g3 Bg7 3.Bg2 Nc6 4.Nc3 d6 5.e3 Nf6 6.Nge2 Bd7 7.d4 Qc8 8.h3 e5 
9.d5 Ne7 10.e4 O-O 11.Be3 Ne8 12.Qd2 f5 13.f3 Rf7 14.Nc1 c5 15.Nd3 a6 16.
a4 Nf6 17.g4 fxe4 18.fxe4 h5 19.g5 Ne8 20.a5 Qc7 21.Na4 Nc8 22.b3 Bf8 23.
Kd1 Rb8 24.Kc2 Be7 25.Qc3 Bf8 26.Rhb1 Ra8 27.Nab2 b5 28.axb6 Nxb6 29.Qa5 
Nc8 30.Qxc7 Nxc7 31.b4 cxb4 32.Nxb4 Be7 33.N4d3 Bf8 34.Nd1 a5 35.Nc3 Na6 
36.Na4 Be8 37.Kd2 Rc7 38.c5 Nxc5 39.Naxc5 dxc5 40.Nxe5 Bg7 41.Nc4 Bxa1 42.
Rxa1 Bb5 43.Na3 Ba6 44.e5 Bb7 45.Nb5 Rd7 46.e6 Rd8 47.Nc7 Ne7 48.Bxc5 Nxd5
49.Bxd5 Rxd5+ 50.Nxd5 Bxd5 51.e7 Bf7 52.Kc3 a4 53.Rd1 Re8 54.Rd8 h4 55.Kd4
Kg7 56.Ke5 Rg8 57.Rf8 1-0

[Event "Sao Paulo zt 2.4"]
[Site "Sao Paulo"]
[Date "2000.06.05"]
[Round "1"]
[White "Vescovi, Giovanni P"]
[Black "Ramos, Ernesto"]
[Result "1-0"]
[WhiteElo "2511"]
[BlackElo "2280"]
[EventDate "2000.06.05"]
[PlyCount "87"]

1.e4 e5 2.Nf3 Nc6 3.d4 exd4 4.Nxd4 Bc5 5.Be3 Qf6 6.c3 Nge7 7.Bc4 O-O 8.O-O
Ne5 9.Be2 d5 10.f4 Qh6 11.Qd2 Ng4 12.Bxg4 Bxg4 13.e5 f6 14.Nc2 Bxe3+ 15.
Nxe3 Be6 16.f5 Nxf5 17.Nxf5 Qxd2 18.Nxd2 fxe5 19.Ng3 Rxf1+ 20.Rxf1 Re8 21.
Re1 Bf7 22.a3 Re6 23.c4 Rb6 24.b3 dxc4 25.bxc4 Rb2 26.Ngf1 Rc2 27.Re4 c6 
28.Rxe5 Bxc4 29.Nxc4 Rxc4 30.Re7 Ra4 31.Rxb7 Rxa3 32.Rc7 Ra6 33.Ne3 g6 34.
Kf2 h5 35.h4 Kf8 36.Nc4 Ke8 37.Ne5 Ra2+ 38.Kf3 Ra3+ 39.Kf4 Ra4+ 40.Kg5 Ra2
41.g3 Ra3 42.Kf6 Kd8 43.Rxa7 Rxg3 44.Nxc6+ 1-0